A Mathematical Treatment of Economics (Record no. 587)

MARC details
000 -LEADER
fixed length control field 00332nam a2200109 4500
008 - FIXED-LENGTH DATA ELEMENTS--GENERAL INFORMATION
fixed length control field 160623b xxu||||| |||| 00| 0 eng d
100 ## - MAIN ENTRY--PERSONAL NAME
9 (RLIN) 724
Personal name Archibald, G.C
245 ## - TITLE STATEMENT
Title A Mathematical Treatment of Economics
260 ## - PUBLICATION, DISTRIBUTION, ETC. (IMPRINT)
Place of publication, distribution, etc. D
Name of publisher, distributor, etc. All India Traveller Book Seller
Date of publication, distribution, etc. 1987
300 ## - PHYSICAL DESCRIPTION
Extent A Mathematical Treatment of Economics
942 ## - ADDED ENTRY ELEMENTS (KOHA)
Source of classification or shelving scheme Dewey Decimal Classification
Koha item type BOOK
Holdings
Withdrawn status Lost status Source of classification or shelving scheme Damaged status Not for loan Home library Current library Shelving location Date acquired Total Checkouts Full call number Barcode Date last seen Price effective from Koha item type
    Dewey Decimal Classification     Good Samaritan School Library Good Samaritan School Library Economics 06/23/2016   ARC330 B-3 ARC1412 06/23/2016 06/23/2016 BOOK

Powered by Koha